| 000 | 00567nam a2200145Ia 4500 | ||
|---|---|---|---|
| 008 | 100122s9999 xx 000 0 und d | ||
| 082 |
_b34118 _a420.1 |
||
| 100 | _aकेळकर अशोक | ||
| 245 | _aवैखरी भाषा आणि भाषा व्यवहार | ||
| 260 |
_bमॅजेस्टिक प्रकाशन _c1983 |
||
| 300 | _a295 | ||
| 630 | _aवैखरी भाषा आणि भाषा व्यवहार | ||
| 730 | _aवैखरी भाषा आणि भाषा व्यवहार | ||
| 942 | _cBOOK | ||
| 999 |
_c417991 _d417988 |
||